| LEADER |
00952nam0a2200217 450 |
| 001 |
16837219 |
| 010 |
|
|
|a 978-2-330-15139-3
|b br.
|d 16
|
| 100 |
|
|
|a 20210607d2021 u u0frey01 ba
|
| 101 |
1 |
|
|a fre
|c ara
|
| 102 |
|
|
|a FR
|
| 200 |
0 |
|
|a voyage d'Ibn Fattouma (Le)
|
| 207 |
|
1 |
|a
|
| 210 |
|
|
|a Arles
|b 43-47 Rue du docteur Fanton. - Passage du Méjan
|c Actes Sud
|d 2021
|
| 215 |
|
|
|a 1 vol. (135 p.)
|d 22 cm
|
| 225 |
1 |
|
|a Sindbad
|
| 330 |
|
|
|a Roman initiatique dont le héros, Ibn Fattouma, révolté par la corruption qui règne dans son pays et encouragé par son maître spirituel, se décide à partir à la recherche d'une cité lointaine, réputée vertueuse, dite Dâr al-Jabal, la Demeure de la Montagne.
|
| 700 |
|
0 |
|a Mahfouz
|b Naguib
|c Auteur du texte
|4 70
|
| 702 |
|
0 |
|a Houssay
|b Martine
|c Traducteur
|4 70
|
| 900 |
|
|
|a Roman
|
| 901 |
|
|
|a Accessible au prêt
|
| 995 |
|
|
|a Bibliothèque
|c Bibliothèque
|f 024021731
|h 024021731
|k R MAH
|o p
|q a
|r az
|e Bibliothèque
|